| 000 -LEADER |
| fixed length control field |
01299nam a22002297a 4500 |
| 003 - CONTROL NUMBER IDENTIFIER |
| control field |
OSt |
| 005 - DATE AND TIME OF LATEST TRANSACTION |
| control field |
20180903094554.0 |
| 008 - FIXED-LENGTH DATA ELEMENTS--GENERAL INFORMATION |
| fixed length control field |
180220b xxu||||| |||| 00| 0 spa d |
| 020 ## - INTERNATIONAL STANDARD BOOK NUMBER |
| International Standard Book Number |
9505360428 |
| 040 ## - CATALOGING SOURCE |
| Transcribing agency |
PJ |
| 100 ## - ASIENTO PRINCIPAL - NOMBRE DE PERSONA |
| 9 (RLIN) |
95 |
| Personal name |
Morello, Augusto Mario |
| 245 13 - MENCIÓN DE TÍTULO |
| Título propiamente dicho |
La prueba : |
| Parte restante del título |
tendencias modernas / |
| Mención de responsabilidad, etc |
Augusto M. Morello. |
| 260 ## - PUBLICATION, DISTRIBUTION, ETC. (IMPRINT) |
| Place of publication, distribution, etc |
Buenos Aires : |
| Date of publication, distribution, etc |
Platense, |
| Name of publisher, distributor, etc |
1991. |
| 300 ## - DESCRIPCION FISICA |
| Extent |
273 p. |
| Dimensions |
23 cm. |
| 500 ## - NOTA GENERAL |
| General note |
Notas y citas bibliográficas a pie de página. |
| 505 ## - FORMATTED CONTENTS NOTE |
| Formatted contents note |
Contenido:<br/>El derecho a la prueba en el proceso civil – Gestión y evaluación de la prueba – Hacia una visión solidarista de la carga de la prueba – Prueba sorpresiva -- La responsabilidad civil de los profesionales liberales y la prueba de la culpa – El juez ante la prueba -- Soluciones en casos arduos. Interpretación maleable -- El abogado ante la sentencia definitiva que ha meritado erróneamente la prueba, o la ha omitido -- El abogado investigador -- La prueba desde la perspectiva del Derecho Procesal Constitucional -- La casación de Buenos Aires y la prueba -- La Corte Suprema y la prueba. |
| 650 #0 - ASIENTO SECUNDARIO DE MATERIA - TERMINO TEMATICO |
| 9 (RLIN) |
1148 |
| Topical term or geographic name as entry element |
DERECHO PROCESAL CIVIL |
| 650 #0 - ASIENTO SECUNDARIO DE MATERIA - TERMINO TEMATICO |
| 9 (RLIN) |
1971 |
| Topical term or geographic name as entry element |
MEDIOS DE PRUEBA |
| 650 #0 - ASIENTO SECUNDARIO DE MATERIA - TERMINO TEMATICO |
| 9 (RLIN) |
1975 |
| Topical term or geographic name as entry element |
PRUEBA |
| 650 #0 - ASIENTO SECUNDARIO DE MATERIA - TERMINO TEMATICO |
| Topical term or geographic name as entry element |
FALLOS DE LA CORTE SUPREMA |
| 9 (RLIN) |
699 |
| 942 ## - ADDED ENTRY ELEMENTS (KOHA) |
| Source of classification or shelving scheme |
|
| Koha item type |
Libros |
| Classification part |
347.94 |
| Item part |
MOR |